000
00312 a2200145 4500
001
180466
020
_a
040
_c
Magnum
100
_a
Portes, Max de Figueiredo
240
1
0
_a
A noite do festival
_l
por
245
1
0
_a
A noite do festival
362
0
_a
1899
697
_a
MAGNITO: IJ/ANIMAIS
942
_c
BK
999
_c
180466
_d
180466